LEADER 00927nam0 2200265 450 001 000023202 005 20090618155838.0 100 $a20081119d1928----km-y0itaa50------ba 101 0 $aeng 102 $aUS 200 1 $a<> new image$fby Claude Bragdon 210 $aNew York$c<> Knopf$d1928 215 $a190 p.$cill.$d22 cm. 676 $a813.52$v(21 ed.)$9Narrativa americana in inglese. 1900-1945 700 1$aBragdon,$bClaude Fayette$0444078 801 0$aIT$bUniversità della Basilicata - B.I.A.$gRICA$2unimarc 912 $a000023202 996 $aNew image$991230 997 $aUNIBAS BAS $aLETTERE CAT $aSTD070$b01$c20081119$lBAS01$h1120 CAT $aATR$b40$c20090206$lBAS01$h0953 CAT $aATR$b20$c20090618$lBAS01$h1558 FMT Z30 -1$lBAS01$LBAS01$mBOOK$1BASA1$APolo Storico-Umanistico$2FAA$BFondo anglo-americano$3FM/2459$62459$5L2459$820081119$f04$FPrestabile Didattica